Auteurs économique - Statistiques

Statistiques générales
  • Ce quiz a été pris 97 fois
    29 depuis la dernière actualisation
  • Le résultat moyen est 15 sur 98
Statistiques - réponses
Pensée Auteur % Correct
La taxe qui porte son nom portant sur les mouvements de capitaux dans le monde, l'égalitarisme spécifique James Tobin
75%
Taxe qui porte son nom pour les pollueurs-payeurs, l'effet d'encaisse réel Arthur Pigou
50%
La théorie de l'intégration économique Béla Balassa
50%
le protectionnisme éducateur Friedrich List
50%
Il critique de capitalisme et invente le socialisme Karl Marx
50%
La croissance endogène : la croissance génère des dépenses publiques qui iront dans les infrastructures, l’éducation et la recherche qui augmentera le capital humain et donc la croissance Robert Barro
50%
Croissance endogène : l’accumulation du capital humain via l’éducation et le choix des individus à se former ou non, qui est linéaire dans le temps, permet la croissance, et elle serait donc illimitée car le rendement factoriel serait constant Robert Lucas
50%
Théorie de la main invisible, la théorie des avantages absolus Adam Smith
25%
"Plus la société se civilise, plus l'Etat est dispendieux" qui est la loi qui porte son nom Adolph Wagner
25%
La croix qui porte son nom avec la courbe d'offre et de demande, il est à l'origine de l'idée d'externalité Alfred Marshall
25%
La demande de différence comme explication des échanges interbranches Bernard Lassuderie-Duchêne
25%
Le lien entre le système financier et la croissance via l’intermédiation financière : J... Boyan Jovanovic
25%
Les cycles intermédiaires qui correspondent à la dynamique d'investissement des entreprises Clément Juglar
25%
Le coefficient qui mesure les inégalités à l'intérieur d'une population Corrado Gini
25%
La théorie des rendements factoriels décroissants, la théorie des avantages comparatifs, David Ricardo
25%
L'épuisement des ressources naturelles pourrait être un frein à la croissance Donella Meadows
25%
La théorie institutionnelle Douglas North
25%
Auteur sur les 2 situations en oligopole Edward Chamberlin
25%
Les lois qui portent son noms sur la consommation selon le revenu Ernst Engel
25%
Le développement économique permet la croissance économique François Perroux
25%
La théorie du cycle de vie Franco Modigliani
25%
La tragédie des communs Garret Hardin
25%
Plus le capital humain est élevé, plus les revenus sont élevés et plus il y a de la croissance, les inégalités sont justifiées pour les salaires lorsqu'elles reflètent une différence de productivité Gary Becker
25%
L'effet d'imitation James Duesemberry
25%
Les 4 objectifs des politiques économiques Jan Tinbergen
25%
Auteur de la loi où S=I et où l'offre créé sa propre demande et la porte à son plus haut niveau Jean-Baptiste Say
25%
En l'absence de pression concurrentielle, les entreprises ne vont pas diminuer leur coûts pour améliorer la qualité et leur prix Jean Tirole
25%
Les syndicats sont des agents rationnel qui cherchent à maximiser la masse salariale totale avant tout John Dunlop
25%
L'équilibre qui porte son nom basé sur le dilemme du prisonnier John Nash
25%
Les cycles courts Joseph Kitchin
25%
La destruction créatrice, le monopole favorise l'innovation Joseph Schumpeter
25%
La stagnation séculaire Lars Hansen
25%
La stagnation séculaire par l'excès d'épargne Lawrence Summers
25%
Auteur du tâtonnement qui porte son nom et de l'équilibre général du marché Léon Walras
25%
La courbe qui est la représentation graphique de la distribution des revenus Max Lorenz
25%
L'inefficacité de l'Etat avec la bureaucratie Milton Friedman
25%
Le carré magique Nicholas Kaldor
25%
Les cycles longs qui portent son nom Nikolaï Kondratiev
25%
La dissociation entre la politique monétaire centralisée et la politique budgétaire rend la gestion des chocs asymétriques impossible Patrick Artus
25%
Les effets de l'économie d'échelle Paul Krugman
25%
La croissance endogène : l’investissement a des effets positifs sur la connaissance qui augmente le capital humain et permet la croissance Paul Romer
25%
L'impact de l'innovation sur la croissance Philipe Aghion
25%
Le cycle de vie des produits Raymond Vernon
25%
Le paradoxe qui montre qu'à partir d'un certain seuil de revenu par habitant, il n'y a plus de corrélation entre la richesse et le degré de satisfaction de la population Richart Easterlin
25%
Un des 3 auteurs de la théorie des marchés contestables : W... Robert Willig
25%
Inventeur du marché des droits à polluer Ronald Coase
25%
La loi de la population Thomas Malthus
25%
Lorsque le rendement du capital est supérieur au rendement du travail, il y a une hausse des inégalités avec une concentration de la richesse Thomas Piketty
25%
L'effet de distinction Thornstein Veblen
25%
Auteur du théorème à son nom qui indique que le coefficient multiplicateur sera égal à 1 Trygve Haavelmo
25%
L'optimum qui porte son nom où aucun individu ne peut améliorer sa situation sans détériorer celle des autres Vilfredo Pareto
25%
Une économie ne peut décoller qu'avec un taux d'épargne suffisant Walt Rostow
25%
Le paradoxe à son nom : les exportations américaines sont moins intensives en capital que ses importations alors que les USA devrait exporter des biens à forte teneur en capital et importer des biens à forte teneur en travail. Il faut donc prendre en compte la qualité des facteurs à disposition en terme de productivité Wassily Leontief
25%
Les inégalités produisent de l'instabilité socio-économique qui menace les droits de propriété et donc diminue l'investissement Alberto Alesina | Roberto Perotti
0%
Les inégalités sont mauvaise pour la croissance car réduit l'incitation à travailler Allan Meltzer | Scott Richard
0%
Les capabilities Amartya Sen
0%
"Trop d'impôt tue l'impôt" Arthur Laffer
0%
La loi qui dit qu'il existe une relation entre la croissance et l'emploi Arthur Okun
0%
L'excès d'épargne mène à la formation de bulles spéculatives Ben Bernanke
0%
La courbe de l'éléphant Branko Milanovic
0%
La PGF d’un pays dépend de sa capacité à faire de la R&D et du degré d’ouverture de son économie Elhanan Helpman
0%
La gestion durables des biens communs par les communautés Elinor Ostrom
0%
La globalisation est caractérisée par un système monde Fernand Braudel
0%
"La grandeur d'une nation est caractérisée par sa façon de traiter les plus faibles" Gandhi
0%
Auteur de "Market of Lemons" sur la sélection adverse George Akerlof
0%
Le développement de la population se fait au détriment du capital naturel George Marsh
0%
La classification des pays à partir de 3 dimensions pour en tirer le régime Gosta Esping-Andersen
0%
"Les profits d'aujourd'hui sont les investissements de demain et les emploies d'après-demain" Helmut Schmidt
0%
Le développement économico-social est la moyennisation Henri Mendras
0%
La spécialisation provient de l'abondance de facteurs de production qui baisse le coût de production donc les pays ont intérêt à se spécialiser dans la production qui nécessite le facteur le plus abondant, ce qui augmente les échanges et donc il y a plus de bien qu'en autarcie HOS
0%
La théorie des unions douanières Jacob Viner
0%
Le fondateur de l'école des choix publics James Buchanan
0%
Le comportement de prédation des plus riches qui augmentent les inégalités et réduisent la croissance James Galbraith | Joseph Stiglitz
0%
L'utilitarisme pour la question des inégalités Jeremy Bentham
0%
Le lien entre le système financier et la croissance via l’intermédiation financière : G... Jeremy Greenwood
0%
Il dépeint la situation de passage à une économie d'endettement à une économie de marchés des capitaux John Hicks
0%
La loi de psychologie fondamentale, la politique de la demande, l'importance de la redistribution John Maynart Keynes
0%
Un des 3 auteurs de la théorie des marchés contestables : P... John Panzar
0%
La social-démocratie et la théorie de la justice selon 3 principes John Rawls
0%
La qualité des utilités en nuance à l'utilitarisme John Stuart Mill
0%
Il pense que le marché est imparfait par nature donc il nécessite une régulation de l'Etat, et qu'il faut des mesures compensatoires des taxes pour les plus pauvres car elles pèsent plus sur les plus modestes Joseph Stiglitz
0%
Les 3 canaux par lesquels le système financier affecte la croissance Marco Pagano
0%
Les 5 forces de concurrence, la stratégie de barrières à l'entrée en concurrence Michael Porter
0%
La parabole de l'ange Paul Samuelson
0%
Il faut des transferts d'argent entre les pays de l'Ue pour avoir une politique efficace face aux chocs asymétriques Peter Kenen
0%
Les 3 fonctions principales de l'Etat et les 5 raisons de l'allocation Richard Musgrave
0%
Le triangle d'incompatibilité Robert Mundell
0%
Le libertarianisme Robert Nozick
0%
Il y a un résidu de la croissance non expliqué par la croissance extensive qui est la PGF lié au progrès technique Robert Solow
0%
Le protectionnisme pour sortir de la domination du centre sur la périphérie Samir Amin
0%
Les cycles intermédiaires qui sont liés à l'urbanisation et l'évolution démographique Simon Kuznets
0%
La demande représentative comme explication des échanges intrabranches : les entreprises vont d'abord chercher à produire des biens adaptés à la demande nationale pour ensuite essayer d'exporter Staffan Linder
0%
L'étude sur la croyance en l'égalité des chances Stefanie Stantcheva
0%
Les syndicats cherchent autant à asseoir leur légitimité que maximiser les gains salariaux Stephen Ross
0%
La globalisation envoie à la convergence des marchés du monde entier faisant surgir une société globale, qui vend la même chose, de la même manière et cela dans le monde entier comme si celui-ci devenais une entité unique Steven Levitt
0%
Théorème sur l'ouverture des économies conduirait à l'augmentation des inégalités économiques Stolper-Samuelson
0%
Un des trois auteurs de la théorie des marchés contestables : B... William Baumol
0%
L'effet de rebond William Jevons
0%
Aucun quiz correspondant
Distribution des résultats
% des personnes avec chaque résultat
Percentile par nombre de réponses
Votre historique - résultats
Vous n’avez pas pris ce quiz depuis la dernière actualisation